Histoire du drapeau du Pérou - Statistiques

Statistiques générales
  • Ce quiz a été pris 74 fois
  • Le résultat moyen est 3 sur 8
Statistiques - réponses
Hint Réponse % Correct
Empire Inca (1430-1533)
82%
Deuxième drapeau du Pérou (1822- 1825)
55%
Protectorat de San Martín (1821-1822)
42%
Confédération Péruvio-Bolivienne (1836-1839)
34%
Vice-royauté du Pérou (1542-1821)
34%
République du sud du Pérou (1836-1839)
32%
Premier drapeau du Pérou (1822)
26%
Troisième drapeau du Pérou (1825-1836 et depuis 1839) et république du nord du Pérou (1836-1839)
24%
Aucun quiz correspondant
Distribution des résultats
% des personnes avec chaque résultat
Percentile par nombre de réponses
Votre historique - résultats
Vous n’avez pas pris ce quiz